书目信息 |
| 题名: |
说话是金
|
|
| 作者: | King, , 金, 著 ;高卓 译 | |
| 分册: | ||
| 出版信息: | 北京 新华出版社 2004 |
|
| 页数: | 166页 | |
| 开本: | 21cm | |
| 丛书名: | ||
| 单 册: | ||
| 中图分类: | H019-49 | |
| 科图分类: | ||
| 主题词: | 语言艺术--yu yan yi shu , 语言艺术--yu yan yi shu--通俗读物 | |
| 电子资源: | ||
| ISBN: | 7-5011-6784-2 | |
| 000 | 01109nam0 2200277 45 | |
| 001 | 0101011310 | |
| 005 | 20061226103209.72 | |
| 010 | @a7-5011-6784-2@dCNY16.00 | |
| 100 | @a20050315d2004 em y0chiy0121 ea | |
| 101 | 1 | @achi@ceng |
| 102 | @aCN@b110000 | |
| 105 | @ay z 000yy | |
| 200 | 1 | @a说话是金@Ashuo hua shi jin@e在恰当的时机对恰当的人说恰当的话@f(美)拉里·金[Larry King]著@g高卓译 |
| 210 | @a北京@c新华出版社@d2004 | |
| 215 | @a166页@d21cm | |
| 330 | @a本书阐释了如何开始一次交谈; 如何与老板或下属谈话; 如何克服羞怯并使交流对象无拘无束; 何时在社交谈话或当众演讲中使用幽默; 成为最佳交谈者的8个要素等内容。 | |
| 510 | 1 | @aHow to talk to anyone, anytime, anywhere@zeng |
| 517 | 1 | @a在恰当的时机对恰当的人说恰当的话@Azai qia dang de shi ji dui qia dang de ren shuo qia dang de hua |
| 606 | 0 | @a语言艺术@Ayu yan yi shu |
| 606 | 0 | @a语言艺术@Ayu yan yi shu@j通俗读物 |
| 690 | @aH019-49@v4 | |
| 701 | 1 | @c(美)@aKing,@bL.@g(King, Larry)@4著 |
| 701 | 1 | @c(美)@a金,@Ajin@bL.@g(King, Larry)@4著 |
| 702 | 0 | @a高卓@Agao zhuo@c(翻译)@4译 |
| 801 | 0 | @aCN@c20061226 |
| 905 | @a10447@dH019-49@eJ750 | |
| 说话是金:在恰当的时机对恰当的人说恰当的话/(美)拉里·金[Larry King]著/高卓译.-北京:新华出版社,2004 |
| 166页;21cm |
| ISBN 7-5011-6784-2:CNY16.00 |
| 本书阐释了如何开始一次交谈; 如何与老板或下属谈话; 如何克服羞怯并使交流对象无拘无束; 何时在社交谈话或当众演讲中使用幽默; 成为最佳交谈者的8个要素等内容。 |
| ● |
| 相关链接 |
|
|
|
正题名:说话是金
索取号:H019-49/J750
 
预约/预借
| 序号 | 登录号 | 条形码 | 馆藏地/架位号 | 状态 | 备注 |
| 1 | 641211 | 206412112 | 自科二线504/504自科库 46排3列4层/ [索取号:H019-49/J750] | 在馆 | |
| 2 | 641212 | 206412121 | 自科二线504/504自科库 46排3列4层/ [索取号:H019-49/J750] | 在馆 | |
| 3 | 641213 | 206412130 | 自科二线504/504自科库 46排3列4层/ [索取号:H019-49/J750] | 在馆 |